000 00813nam a2200229 a 4500
001 13814
003 BD-JhCC
005 20240416074942.0
008 240415b20122018bg |||| ||a| 000 0 ben d
020 _a9789846450897
035 _a(BD-JhCC)13814
040 _aBD-JhCC
_dBD-JhCC
041 _aBengali
082 _a297
_bNAS 2018
100 _a নাসিম ,মাওলানা আবদুস শহীদ
245 _aআল কুরআন:
_bসহজ বাংলা অনুবাদ /
_cঅনু: মাওলানা আবদুস শহীদ নাসিম ।
260 _aঢাকা:
_bবাংলাদেশ কুরআন শিক্ষা সোসাইটি;
_c2018.
300 _a543 p. :
_c22 cm.
650 _aTranslate & Tafseer
942 _2ddc
_cBK
999 _c13814
_d13814